Datum a čas kvízu

25 Celkem bodů Celkový počet nahraných bodů na tomto kvízu bez doplňovacích otázek.
7. Pořadí na kvízu Konečné umístění týmu na tomto kvízu.

Zaznamenané odpovědi

# Otázka Odpověď Body Výsledky
1. Osm lidí včetně jednoho Čecha... v Burkině Faso 0
2. K půlročnímu vězení odsoudil n... líbali se 0
3. V úterý vystoupily v pražské O... Megadeth; Disturbed 0.5
4. Francouzská státní společnost... croissant 0
5. V minulém týdnu jsme se v hoke... Pavel Gross, HC Sparta Praha 0
6. Rozdělení Římské říše v roce 3... 476 (Západořímská) a 1453 (Východořímská) 1
7. Ve 14. století Evropu sevřela... D 1
8. Adolf Hitler se nepoučil z výs... 6. armáda, (Friedrich) Paulus 0.5
9. Jak se jednoslovně nazývá tent... Watergate 0
10. Jak moc velkou chybou byl či n... A 1